Environmentálna etika a právo

Globálny charakter ekologických problémov. Teoretické vymedzenie pojmu environmentálna etika (etika životného prostredia). Predmet environmentálnej etiky. Antropocentrické a biocentrické základy formovania etiky životného prostredia. Historicko-teoretický prierez koncepciami formovania etiky životné...

Descrizione completa

Salvato in:
Dettagli Bibliografici
Autore principale: Čipkár, Ján
Natura: Capitolo di libro
Lingua:slovacco
Soggetti:
Tags: Aggiungi Tag
Nessun Tag, puoi essere il primo ad aggiungerne!!

MARC

LEADER 00000naa a2200000 4500
001 r034516
005 20230929080606.6
041 0 |a slo 
044 |a SK 
245 1 0 |a Environmentálna etika a právo  |c Ján Čipkár 
520 |a Globálny charakter ekologických problémov. Teoretické vymedzenie pojmu environmentálna etika (etika životného prostredia). Predmet environmentálnej etiky. Antropocentrické a biocentrické základy formovania etiky životného prostredia. Historicko-teoretický prierez koncepciami formovania etiky životného prostredia. Zodpovednosť v environmentálnej etike. Vymedzenie a rozsah pojmu životné prostredie. Základné úlohy etiky životného prostredia. 
610 2 0 |a etika environmentálna 
610 2 0 |a environmentalistika 
610 2 0 |a etika 
610 2 0 |a prostredie životné 
610 2 0 |a ekológia 
610 2 0 |a právo ochrany prostredia 
610 2 0 |a politika environmentálna 
610 2 0 |a ochrana prostredia životného 
610 2 0 |a zodpovednosť 
100 1 |a Čipkár, Ján